000 00548nam a2200133Ia 4500
008 171207s9999 xx 000 0 und d
100 _aGordon, Amie M.
245 4 _aThe dark side of the sublime: Distinguishing a threat-based variant of awe.
245 _cGordon, Amie M.; Stellar, Jennifer E.; Anderson, Craig L.; McNeil, Galen D.; Loew, Daniel; Keltner, Dacher.
260 _c2017
300 _apages 310-328, August 2017
440 _aJournal of Personality and Social Psychology
_v113:2
650 _aAPPRAISALS, AWE, FEAR, THREAT, WELL-BEING
999 _c347615
_d347615